Trốn chạy = Runaway
Saved in:
| Main Author: | |
|---|---|
| Format: | Book |
| Language: | Undetermined |
| Published: |
Hà Nội
Văn học
2014
|
| Subjects: | |
| Tags: |
Add Tag
No Tags, Be the first to tag this record!
|
| Institutions: | Trung tâm Học liệu Trường Đại học Cần Thơ |
|---|
| LEADER | 00554nam a2200205Ia 4500 | ||
|---|---|---|---|
| 001 | CTU_211255 | ||
| 008 | 210402s9999 xx 000 0 und d | ||
| 020 | |c 95000 | ||
| 082 | |a 813.6 | ||
| 082 | |b M968 | ||
| 100 | |a Munro, Alice | ||
| 245 | 0 | |a Trốn chạy = | |
| 245 | 0 | |b Runaway | |
| 245 | 0 | |c Alice Munro ; Trần Thị Hương Lan (dịch) | |
| 260 | |a Hà Nội | ||
| 260 | |b Văn học | ||
| 260 | |c 2014 | ||
| 650 | |a Phụ nữ,Women | ||
| 904 | |i Kiều Mị,Hải | ||
| 980 | |a Trung tâm Học liệu Trường Đại học Cần Thơ | ||